Diccionario jurídico /

Guardado en:
Autor Principal: Orihuela, Andrea M.
Formato: Libro
Idioma:Spanish
Publicado: Ciudad Autónoma de Buenos Aires : Estudio, 2014
Edición:3a. ed.
Materias:
Etiquetas: Agregar Etiqueta
Sin Etiquetas, Sea el primero en etiquetar este registro!
LEADER 00470nam a22001575a 4500
001 DER.der013587
008 180615s2014####ag#||||||||||||||#||spa||
005 20251114144754.0
245 1 0 |a Diccionario jurídico /  |c Andrea M. Orihuela 
250 |a 3a. ed. 
260 |a Ciudad Autónoma de Buenos Aires :  |b Estudio,  |c 2014 
300 |a 344 p. 
020 |a 9789508974426 
100 1 |a Orihuela, Andrea M. 
653 |a DICCIONARIO JURIDICO 
859 |a DERECHO  |b BIB. DERECHO  |h 340.03  |i ORI  |p 008613